[Event "ECU-ch"]
[Site "Quito"]
[Date "2023.06.24"]
[Round "6"]
[White "Granda Suarez, Jerry Marlon"]
[Black "Cruz Reyes, Nick Steven"]
[Result "0-1"]
[WhiteElo "1709"]
[BlackElo "1387"]
[PlyCount "52"]
[EventDate "2023.06.21"]
[EventType "swiss"]
[EventRounds "9"]
[EventCountry "ECU"]
[SourceTitle "CBM 215 Extra"]
[Source "ChessBase"]
[SourceDate "2023.09.30"]
[SourceVersion "1"]
[SourceVersionDate "2023.09.30"]
[SourceQuality "1"]

1. Nf3 f5 2. d4 e6 3. c4 Nf6 4. Nc3 Bb4 5. a3 Bxc3+ 6. bxc3 b6 7. e3 Bb7 8. Be2 Ne4 9. Qc2 0-0 10. Bb2 d6 11. Rd1 Nd7 12. d5 e5 13. Nd2 Ndc5 14. Nxe4 fxe4 15. a4 Qg5 16. g3 Qf6 17. 0-0 Bc8 18. f3 Bh3 19. Rf2 Bd7 20. Ra1 Rf7 21. a5 Raf8 22. axb6 axb6 23. f4 Qg6 24. Kf1 Bh3+ 25. Ke1 exf4 26. exf4 e3 0-1

[Event "ECU-ch"]
[Site "Quito"]
[Date "2023.06.23"]
[Round "5"]
[White "Saltos Velez, Adrian Arturo"]
[Black "Granda Suarez, Jerry Marlon"]
[Result "1-0"]
[WhiteElo "2037"]
[BlackElo "1709"]
[PlyCount "67"]
[EventDate "2023.06.21"]
[EventType "swiss"]
[EventRounds "9"]
[EventCountry "ECU"]
[SourceTitle "CBM 215 Extra"]
[Source "ChessBase"]
[SourceDate "2023.09.30"]
[SourceVersion "1"]
[SourceVersionDate "2023.09.30"]
[SourceQuality "1"]

1. e4 d5 2. exd5 Qxd5 3. Nc3 Qa5 4. b4 Qb6 5. b5 Nf6 6. Nf3 Bg4 7. Be2 e6 8. h3 Bh5 9. Ne5 Bxe2 10. Qxe2 Be7 11. a4 0-0 12. 0-0 Re8 13. Re1 h6 14. a5 Qd6 15. Ba3 Qd8 16. Bb2 Bd6 17. d4 c6 18. Qc4 Bxe5 19. dxe5 Nd5 20. Ne4 cxb5 21. Qxb5 Qd7 22. Qb3 Na6 23. c4 Nf4 24. Rad1 Qc6 25. Qg3 Ng6 26. h4 Kh8 27. Nd6 Rf8 28. Rd4 Ne7 29. Rg4 g6 30. Qf4 Kh7 31. Bc1 Ng8 32. Ne4 f5 33. exf6 Rf7 34. Ng5+ 1-0